00582nam a2200157 a 450000100100000000500170001000800410002704000250006810000270009324500470012026000470016730000200021404900090023495201640024399900170040700003309020200930070024.0110817s1913 dr 000 0 spa d aDO-SdBNPbspacBNPHU1 aRoques, Freites95877214aUna víctima americana /cFreites Roques. aSanto Domingo :bImp. Vda García,c1913. a37 p. ;c23 cm. aBNPD 001050718RVaPDbPDcCTd2011-08-17iLF1l0o p33090-10r2020-06-25w2020-06-25y1zPerteneció a la biblioteca personal de Martínez Boog.ZNo se presta c32581d32581